000
00346nam a2200157Ia 4500
100
_a
Theraja/B.L.
490
_v
II
942
_c
BK
654
_a
Engineering
245
_a
A Text Book Of Electrical Technology
260
_b
Nirja construction
_a
New Delhi
_c
1987
082
_a
621.3
_b
THE
300
_a
1120
546
_a
ENGLISH
999
_c
24726
_d
24726